00317nam a2200121Ia 4500008004100000040001700041041001200058082001900070100001700089245003000106260004800136300001100184230917s9999||||xx |||||||||||||| ||und|| e203455aMAIN aEnglish a320.50954 S64B aJayapalan, N 0aIndian political thinkers aNew DelhibDiscovery Publishing Housec2007 a275 p.